00550 2200181 4500001002100000005001500021008004100036035001900077041000700096082001000103090001600113100003000129245009200159250001000251260004100261650004700302990001900349INLIS00000000002322620241224131443241224||||||||| | ||| |||| || |  0010-1224023226 aid0 a2x1.3 a2x1.3 ALI t0 aImam Jalaluddin Al-Mahali00aTafsir Jalalain : berikut asbaabun nuzuul ayat : Surat Al A'raf s.d Surat Al Isra Jil.2 aCet.8 aBandungbSinar Baru Algensindoc2004 0aTafsir Jalalain Surat Al-'Araf s.d Al-Isra a05.17.01.01.01